Elementary linear algebra / (Record no. 8601)

MARC details
000 -LEADER
fixed length control field 00757pam a2200241 a 4500
001 - CONTROL NUMBER
control field 1950854
003 - CONTROL NUMBER IDENTIFIER
control field OSt
005 - DATE AND TIME OF LATEST TRANSACTION
control field 20240618110819.0
008 - FIXED-LENGTH DATA ELEMENTS--GENERAL INFORMATION
fixed length control field 871009s1988 njua 001 0 eng
010 ## - LIBRARY OF CONGRESS CONTROL NUMBER
LC control number 87030429
020 ## - INTERNATIONAL STANDARD BOOK NUMBER
International Standard Book Number 0132582600 :
Terms of availability $27.00 (est.)
040 ## - CATALOGING SOURCE
Original cataloging agency DLC
Transcribing agency MUST
Modifying agency DLC
082 00 - DEWEY DECIMAL CLASSIFICATION NUMBER
Classification number 512.5 EDW 1988
100 1# - MAIN ENTRY--PERSONAL NAME
Personal name Edwards, C. Henry
Fuller form of name (Charles Henry),
Dates associated with a name 1937-
9 (RLIN) 766
245 10 - TITLE STATEMENT
Title Elementary linear algebra /
Statement of responsibility, etc. C.H. Edwards, Jr., David E. Penney.
260 ## - PUBLICATION, DISTRIBUTION, ETC. (IMPRINT)
Place of publication, distribution, etc. Englewood Cliffs, N.J. :
Name of publisher, distributor, etc. Prentice Hall,
Date of publication, distribution, etc. 1988.
300 ## - PHYSICAL DESCRIPTION
Extent xii, 442 p. :
Other physical details ill. ;
Dimensions 25 cm.
500 ## - GENERAL NOTE
General note Includes index.
650 #0 - SUBJECT ADDED ENTRY--TOPICAL TERM
Topical term or geographic name as entry element Algebras, Linear.
9 (RLIN) 5247
700 1# - ADDED ENTRY--PERSONAL NAME
Personal name Penney, David E.
9 (RLIN) 765
906 ## - LOCAL DATA ELEMENT F, LDF (RLIN)
a 7
b cbc
c orignew
d 1
e ocip
f 19
g y-gencatlg
942 ## - ADDED ENTRY ELEMENTS (KOHA)
Source of classification or shelving scheme Dewey Decimal Classification
Koha item type Open Shelf
Holdings
Withdrawn status Lost status Source of classification or shelving scheme Damaged status Not for loan Home library Current library Date acquired Source of acquisition Inventory number Total Checkouts Full call number Barcode Date last seen Price effective from Koha item type
    Dewey Decimal Classification     MUST Main Library MUST Main Library 18/06/2024 Purchase 2006/28159   512.5 EDW 1988 2024-20745 18/06/2024 18/06/2024 Open Shelf